• 首页
  • 本馆介绍
  • 公告通知
  • 最新文献
  • 馆藏检索
  • 电子资源
  • 读者导购
  • 参考咨询
  • 我的图书馆
  • 登录
  • 详细信息显示
  • 放入我的书架
  • 预约/预借图书
  • 作者相关作品
  • 分类相关作品
  • 丛书相关作品
  • 出版社相关作品

书目信息

  • 表格格式
  • 工作单格式
  • 卡片格式
题名:
工程师须知专利知识
    
 
作者: 康诺尔特 著 ;王正 译
分册:  
出版信息: 北京   专利文献出版社  1983.6
页数: 130页
开本: 20cm
丛书名:
单 册:
中图分类: N18
科图分类:
主题词: 自然科学--创造发明 , 自然科学--先进经验
电子资源:
ISBN:
000 00635nam0 2200205 45
001 0312221749
005 20060426084545.34
010    @dCNY0.90
100    @a20031222d1983 km y0chiy0120 ea
101    @achi
200 1  @a工程师须知专利知识@AGong Cheng Shi Xu Zhi Zhuan Li Zhi Shi@f(美)W·G·康诺尔特等著@F(mei)W·G·kang nuo er te deng zhu@g王正等译
210    @a北京@c专利文献出版社@d1983.6
215    @a130页@d20cm
606 0  @a自然科学@x创造发明
606 0  @a自然科学@x先进经验
690    @aN18@v3
701 0  @a康诺尔特@Akang nuo er te@4著
702 0  @a王正@4译
801    @aCN@bTSTCL@c20060426
905    @a213230@dN18@e16@b91372@f1
    
    工程师须知专利知识/(美)W·G·康诺尔特等著/王正等译.-北京:专利文献出版社,1983.6
    130页;20cm
    
    
    ISBN :CNY0.90
    
●
相关链接 在E读中查询图书 在五车中查询图书 在当当中查询图书 在豆瓣中查询图书


正题名:工程师须知专利知识     索取号:N18/16         预约/预借

序号 登录号 条形码 馆藏地/架位号 状态 备注
1 0091371   202263335   密集书库/ [索取号:N18/16] 在馆    
2 0091372   000565560   第二样本阅览室/ [索取号:N18/16] 在馆    
唐山师范学院图书馆 欢迎您!
大连网信软件有限公司© 版权所有